ایران کا اسلامی انقلاب اور اس کا عالمی رد عمل / (Record no. 106927)

MARC details
000 -LEADER
fixed length control field 00845nam a22002297a 4500
005 - DATE AND TIME OF LATEST TRANSACTION
control field 20170123162319.0
010 ## - LIBRARY OF CONGRESS CONTROL NUMBER
LC control number A-940856
020 ## - INTERNATIONAL STANDARD BOOK NUMBER
Terms of availability 225.00
International Standard Book Number 8185894019
035 ## - SYSTEM CONTROL NUMBER
System control number A-940856
037 ## - SOURCE OF ACQUISITION
Source of stock number/acquisition Cen Lib/Ret
040 ## - CATALOGING SOURCE
Original cataloging agency DPL
Language of cataloging UR
082 ## - DEWEY DECIMAL CLASSIFICATION NUMBER
Classification number 955.054
Item number ش ه د
100 ## - MAIN ENTRY--PERSONAL NAME
Personal name شہید صفی پوری
9 (RLIN) 116095
245 ## - TITLE STATEMENT
Title ایران کا اسلامی انقلاب اور اس کا عالمی رد عمل /
Statement of responsibility, etc شہید صفی پوری
246 ## - VARYING FORM OF TITLE
Title proper/short title Iran ka islami inteqalab aur uska aalmi rad amal /
Remainder of title by Saheed Sefi Puri
260 ## - PUBLICATION, DISTRIBUTION, ETC. (IMPRINT)
Place of publication, distribution, etc دہلی
Name of publisher, distributor, etc کوسوے بک سنٹر
Date of publication, distribution, etc 1996
270 ## - ADDRESS
City دہلی
Address H-12, جاگت پوری پروانہ روڈ
Postal code 110051
300 ## - PHYSICAL DESCRIPTION
Extent 334p.
Dimensions 21cm(Hb)
650 ## - SUBJECT ADDED ENTRY--TOPICAL TERM
Topical term or geographic name as entry element تاریخ - ایران
9 (RLIN) 400
650 ## - SUBJECT ADDED ENTRY--TOPICAL TERM
Topical term or geographic name as entry element History -- Iran
9 (RLIN) 116096
942 ## - ADDED ENTRY ELEMENTS (KOHA)
Source of classification or shelving scheme Dewey Decimal Classification
Koha item type Urdu Bks
Classification part 955.054
Call number suffix ش ه د
Holdings
Withdrawn status Lost status Damaged status Not for loan Home library Current library Date acquired Source of acquisition Cost, normal purchase price Total Checkouts Full call number Barcode Date last seen Copy number Cost, replacement price Price effective from Koha item type
        Central Library Central Library 31/12/2015 Cen Lib/Ret 225.00   955.054 ش ه د A-940856 31/12/2015 1 225.00 31/12/2015 Urdu Bks

© Delhi Public Library
Hit Counter
free hit counter